| 000 | 02440cam a22004814i 4500 | ||
|---|---|---|---|
| 003 | PE-LiUPU | ||
| 005 | 20250731173347.0 | ||
| 008 | 150706s r 000 0 d | ||
| 020 | _a9788481698015 | ||
| 035 | _a(Sirsi) i9788481698015 | ||
| 040 |
_aPE-LiUPU _bspa _cPE-LiUPU _erda |
||
| 049 | _aPRUA | ||
| 082 | 0 | 4 |
_a232.97 _bW92 _221 |
| 100 | 1 |
_aWright, N. T. , _eautor. |
|
| 245 | 1 | 3 |
_aLa resurrección del Hijo de Dios : _blos orígenes cristianos y la cuestión de Dios / _cN. T. Wright . |
| 264 | 1 |
_aEstrella, Navarra (España) : _bVerbo divino, _c2008. |
|
| 300 |
_a999 páginas ; _c25 centímetros |
||
| 336 |
_atext _2rdacontent |
||
| 337 |
_aunmediated _2rdamedia |
||
| 338 |
_avolume _2rdacarrier |
||
| 504 | _aIncluye bibliografía. | ||
| 505 | 0 | _aPara sentar las bases -- La Diana y las flechas -- Sombras, almas y adónde van: La vida más allá de la muerte en el paganismo antiguo -- Tiempo de despertar: La muerte y el más allá en el antiguo testamento -- Tiempo de despertar: La esperanza más allá de la muerte en el judaísmo pos bíblico -- La resurrección en Pablo -- La resurrección en Pablo (fuera de las cartas a los corintios) -- La resurrección en Corinto (1) -- Introducción -- La resurrección en Corinto (2) los pasajes claves -- Cuando Pablo vio a Jesús -- La resurrección en el cristianismo primitivo -- La esperanza Recentrada (3)Texto paleocristianos no canónicos -- La esperanza en persona: Jesús como Mesías y Señor -- Historia de la pascua -- Fe acontecimiento y significado -- Pascua e historia -- Jesús resucitado como el hijo de Dios. | |
| 526 | _aSEG42 | ||
| 526 | _aSEG41 | ||
| 526 | _aSEG40 | ||
| 526 | _aSEG39 | ||
| 526 | _aP94 | ||
| 526 | _aP87 | ||
| 526 | _aP86 | ||
| 526 | _aP85 | ||
| 526 | _aP77 | ||
| 526 | _aP76 | ||
| 526 | _aP35 | ||
| 541 | _g007-0020481; | ||
| 650 | 0 | 4 | _aResurrección de Jesús. |
| 700 | 1 |
_aTosaus Abadía, José, _etr. |
|
| 910 |
_agl _bjv _cng _d20091222 |
||
| 942 |
_2ddc _cBOOK |
||
| 949 |
_a232.97 W92 _wDEWEY _c1 _i60890 _lCCODEBUL1 _mBUL _p111.00 _r0 _sY _tBOOK _u2015-7-6 _xTEOLOGIA _zUNKNOWN _0COMPRA _o.STAFF. Colección General |
||
| 994 |
_aC0 _bPEPRU |
||
| 596 | _a1 | ||
| 999 |
_a232.97 W92 _wDEWEY _c50249 _i60890 _d50249 _f2021-11-10 _g5 _lCCODEBUL1 _mBUL _p111.00 _q1 _r0 _sY _tBOOK _u2015-7-6 _xTEOLOGIA _zUNKNOWN _0COMPRA _o.STAFF. Colección General |
||
| 980 |
_81 _gALBERTO SANCHEZ Responsable de Automatización |
||